| 000 | 004830000a22001450004500 | ||
|---|---|---|---|
| 005 | 20240624183934.0 | ||
| 008 | 230817t ||||| |||| 00| 0 eng d | ||
| 082 |
_a305.42 _bWOM |
||
| 245 |
_aWomen, political empowerment and decision making: _breport of a workshop held on 17th February, 1995 |
||
| 260 |
_aColombo: _bCENWOR (Centre for Women's Research Sri Lanka), _c1995 |
||
| 300 | _a27 p. | ||
| 440 |
_aDocument series _vNo.55 |
||
| 650 | _aWOMEN IN POLITICS-Sri Lanka | ||
| 942 | _cRP | ||
| 999 |
_c2007 _d2007 |
||